000 00523nam a2200157 a 4500
008 120416s1978 ||||||||||||||||| || u
050 _aHD 4143 Slo
100 _aSloman, Martyn
245 1 0 _aSocialising public ownership
260 _aLondon
_bMacmillan P
_c1978
300 _ax, 159p.
350 _a0.00
650 0 _aBUSINESS
650 0 _aGOVERNMENT OWNERSHIP
995 _D0.00
_FCBU-MAIN LIBRARY (Kitwe)
_H1
_I0.00
_M1
_UAVAILABLE
_ZAnnex Low-Usage Collection
999 _c57759
_d57759